| 000 | 00940nam a2200265 a 4500 | ||
|---|---|---|---|
| 001 | 000016402 | ||
| 003 | DO-SdBNP | ||
| 005 | 20260219105723.0 | ||
| 008 | 100304s2001 dr a 000 0 spa d | ||
| 020 | _a9993485403 | ||
| 040 |
_aDO-SdBNP _bspa _cBNPHU |
||
| 082 |
_a378.7293 _bS623i |
||
| 245 | 0 | 0 | _aSistema de indicadores de calidad de la educación superior dominicana. |
| 260 |
_aSanto Domingo : _bADRU, _c2001. |
||
| 300 |
_a53 p. : _bil. ; _c25 p. |
||
| 500 | _aIncluye referencias bibliográficas y notas al pie de las páginas | ||
| 504 | _aBibliografía : p. 51-53 | ||
| 590 | _aInventariado, 2018/ YL | ||
| 650 | 0 |
_aEducación superior _zRepública Dominicana _9730 |
|
| 650 | 4 |
_aCalidad de la educación _zRepública Dominicana _9741 |
|
| 650 | 0 |
_aEvaluación educativa _917494 |
|
| 710 | 2 |
_aAsociación Dominicana de Rectores de Universidades _936576 |
|
| 910 | _aValidado. Control de calidad MFF | ||
| 942 |
_2ddc _cLBS1 |
||
| 999 |
_c15937 _d15937 |
||